Govt. of
Madhya Pradesh

मौत के साये में (Record no. 64355)

MARC details
000 -LEADER
fixed length control field 00325nam a22000977a 4500
100 ## - MAIN ENTRY--AUTHOR NAME
Personal name अनिल,राजकुमार
245 ## - TITLE STATEMENT
Title मौत के साये में
260 ## - PUBLICATION, DISTRIBUTION, ETC. (IMPRINT)
Place of publication दिल्‍ली
Name of publisher इतिहास शोध संस्‍थान
Year of publication 2010
650 ## - SUBJECT ADDED ENTRY--TOPICAL TERM
Topical Term नाटक
942 ## - ADDED ENTRY ELEMENTS (KOHA)
Koha item type Hindi Books
Holdings
Withdrawn status Lost status Damaged status Not for loan Home library Current library Date acquired Cost, normal purchase price Full call number Accession Number Price effective from Koha item type
        MACL MACL 22/09/2021 100.00 891.432/ANI/D CRH030609 22/09/2021 Hindi Books